Analisis asas pembahagian sunnah kepada Tasyri'iyyah dan Ghayr Tasyri'iyyah /
Saved in:
| 主要作者: | |
|---|---|
| 格式: | Thesis 圖書 |
| 語言: | Malay |
| 出版: |
2005.
|
| 主題: | |
| 在線閱讀: | http://studentsrepo.um.edu.my/id/eprint/2032 |
| 標簽: |
添加標簽
沒有標簽, 成為第一個標記此記錄!
|
| LEADER | 01412cam a2200337 a 4500 | ||
|---|---|---|---|
| 001 | u716238 | ||
| 003 | SIRSI | ||
| 008 | 060104s2005 my t 000 0 may m | ||
| 040 | |a UMM |d UMA |e rda | ||
| 090 | |a BP42 |b A1 UM 2005 Nasha | ||
| 094 | |a BP42 |b A1 UM 2005 Nasha | ||
| 100 | 0 | 0 | |a Nasiruddin Haji Ahmad |e author. |
| 245 | 1 | 0 | |a Analisis asas pembahagian sunnah kepada Tasyri'iyyah dan Ghayr Tasyri'iyyah / |c Nasiruddin Hj. Ahmad. |
| 260 | |c 2005. | ||
| 264 | 1 | |c 2005. | |
| 264 | 4 | |c 2005. | |
| 300 | |a xiii, 171 leaves : |b illustrations ; |c 30 cm. | ||
| 336 | |a text |2 rdacontent | ||
| 337 | |a unmediated |2 rdamedia | ||
| 338 | |a volume |2 rdacarrier | ||
| 500 | |a Diselia oleh Prof. Madya Dr Abdul Karim Ali | ||
| 500 | |a AIUM. | ||
| 502 | |a Dissertation (M.Syariah) -- Jabatan Fiqh dan Usul, Akademi Pengajian Islam, Universiti Malaya, 2005. | ||
| 504 | |a Bibliography: leaves 162-171. | ||
| 650 | 0 | |a Sunnah | |
| 710 | 2 | 0 | |a Universiti Malaya. |b Jabatan Fiqh dan Usul |
| 856 | 4 | 1 | |u http://studentsrepo.um.edu.my/id/eprint/2032 |
| 596 | |a 1 12 18 | ||
| 999 | |a BP42 A1 UM 2005 NASHA |w LC |c 1 |i A511627019 |d 6/4/2015 |e 6/4/2015 |f 24/1/2006 |g 2 |l STACKS |m P12ISLAMKL |n 1 |r Y |s Y |t TESIS |u 24/1/2006 | ||
| 999 | |a BP42 A1 UM 2005 NASHA |w LC |c 1 |i A512501376 |d 20/9/2016 |e 20/9/2016 |f 13/2/2006 |g 1 |l STACKS |m P01UTAMA |n 5 |r Y |s Y |t TESIS |u 13/2/2006 | ||
| 999 | |a BP42 A1 UM 2005 NASHA |w LC |c 1 |i A512529329 |l RESERVES |m P18ISLPURI |r Y |s Y |t TESIS |u 12/10/2006 | ||
